000 01088nam a2200361 i 4500
001 48908
003 KOSZ 005
005 20220304123256.0
008 961010s1979 uk a |000 0 eng d
020 _a0195024966
040 _cKOSZ 005
_aKOSZ 005
_dKOSZ 005/HR
041 0 _aeng
046 _k1979
080 _a37.016:811.111(73)
080 _a(07)
100 1 _aGraham, Carolyn
_eAutor
245 1 0 _aJazz chants for children /
_cCarolyn Graham.
260 _aNew York :
_bOxford University Press,
_cc. 1979.
300 _aXI, 84 pp :
_bill. ;
_c28 cm.
380 _aKsiążki
380 _aPublikacje dydaktyczne
388 _a1901-2000
388 _a1945-1989
490 1 _aOxford American English
650 7 _aJęzyk angielski
650 7 _aNauczanie języków obcych
650 7 _aDzieci
655 7 _aPodręcznik
658 _aEdukacja i pedagogika
830 _aOxford American English
856 _uhttp://koha.tu.koszalin.pl/cgi-bin/koha/opac-detail.pl?biblionumber=48908
_yKatalog online BPK
942 _cKS
_2UKD
999 _c48908
_d48908